| 000 | 00460cam a22001457a 4500 | ||
|---|---|---|---|
| 008 | 180718b1980 xxu||||| |||| 00| 0 eng d | ||
| 082 | _aAPPPA 79-80 MAJ | ||
| 100 | _aMajumdar, D.P. | ||
| 245 |
_aGeneralist and the specialists: the problem of inter-relations _cby D.P. Majumdar |
||
| 260 |
_aNew Delhi _bIndian Institute of Public Administration _c1980 |
||
| 300 | _a97p. | ||
| 650 | _aProblem-Inter-relations | ||
| 650 | _aSpecialists | ||
| 650 | _aGeneralist | ||
| 999 |
_c501176 _d501176 |
||